| 000 | 02090nam a22002777a 4500 | ||
|---|---|---|---|
| 999 |
_c62350 _d62350 |
||
| 003 | Ge_BSU | ||
| 005 | 20241008161322.0 | ||
| 008 | 241008s2024 ge ||||| |||| 00| 0 geo d | ||
| 020 | _a9789941988097 | ||
| 041 | _ageo | ||
| 080 | _a726(479.222.5) მ-58 | ||
| 245 |
_aმესხეთის კულტურის ძეგლები : _b2023 წლის ექსპედიციების ანგარიშები (ადიგენი, ასპინძა, ახალციხე) / _cავტორები: ბებურ გოზალიშვილი, მერაბ ბერიძე, ლევან წიქარიშვილი [და სხვ.]საქართველოს კულტურისა და ტურისტული რესურსების კვლევის ცენტრი. |
||
| 264 |
_aთბილისი, _c2024. |
||
| 300 |
_a746 გვ. : _b ფოტ. ; _c29 სმ. |
||
| 500 | _aანგარიშები დაიბეჭდა ნაწილობრივ საქართველოს კულტურისა და ტურისტული რესურსების კვლევის ცენტრის ფინანსური მხარდაჭერით | ||
| 504 | _aბიბლიოგრაფია: გვ. 737-746. | ||
| 653 | _aკულტურული ძეგლები | ||
| 653 | _aმესხეთი | ||
| 700 |
_a გოზალიშვილი, ბებურ _eავტორი _923351 |
||
| 700 |
_aბერიძე, მერაბ _94745 |
||
| 700 |
_aწიქარიშვილი, ლევან _eავტორი _97292 |
||
| 700 |
_aიმედაშვილი, ანა და სხვ. _eავტორი. _923352 |
||
| 710 |
_aსაქართველოს კულტურისა და ტურისტული რესურსების კვლევის ცენტრი. _923353 |
||
| 773 | _tნაჩუქარი | ||
| 942 |
_2udc _cᲬᲘᲒᲜᲘ |
||